=LDR 00000nam 2200000 4500 =001 INLIS000000000052842 =005 20250218015941 =035 ##$$a 0010-0318000069 =008 250218################g##########0#ind## =020 ##$$a 978-602-262-485-1 =082 ##$$a 576.119 =084 ##$$a 576.119 PRA m =100 #$$a Prasetya Ramadhan =245 1#$$a Mengenal antioksidan /$c Prasetya Ramadhan, S.Si. =260 ##$$a Yogyakarta :$b Graha Ilmu,$c 2015 =300 ##$$a ix, 98 hlm. : $b ilus ; $c 23x16 cm =650 #4$$a Antioksidan =500 ##$$a Daftar pustaka : Hlm.97 =990 ##$$a 21709051 =990 ##$$a 21709052 =990 ##$$a 21709053 =990 ##$$a 21709054 =990 ##$$a 21709055